00482nam a2200157Ia 4500008004100000020001800041082001200059100002100071245008900092250000800181260004300189300002400232500001900256600003300275650001600308240925s9999 xx 000 0 und d a9780132318228 a515 BAR aBarnes ,J. G. P. 0aAdditional Calculus topics to accompany calculus, 11/e and college mathematics, 11/e a2nd aNew Jersey:bPearson Educationc,2008. axxvi,1037p.bNAfNA aIncludes Index aHumanities & Natural Science aMathematics